A. WESLEY POWELL LEARNING RESOURCE CENTRE (WPLRC)

Wonderful Place to Learn, Research & Collaborate

The lah lah book of light singing:C,G and F major - vocal excercises and (Record no. 4240)

MARC details
000 -LEADER
fixed length control field 00690nam a22002057a 4500
001 - ACCESSION NUMBER
control field 38740,38742,38741
003 - CONTROL NUMBER IDENTIFIER
control field OSt
005 - DATE AND TIME OF LATEST TRANSACTION
control field 20150730150818.0
008 - FIXED-LENGTH DATA ELEMENTS--GENERAL INFORMATION
fixed length control field 150730b xxu||||| |||| 00| 0 eng d
020 ## - INTERNATIONAL STANDARD BOOK NUMBER
International Standard Book Number 9789768202437
040 ## - CATALOGING SOURCE
Transcribing agency dlc
082 ## - DEWEY DECIMAL CLASSIFICATION NUMBER
Classification number 781.423
100 ## - MAIN ENTRY--PERSONAL NAME
Relator code Forrest-Watson Pauline
245 ## - TITLE STATEMENT
Title The lah lah book of light singing:C,G and F major - vocal excercises and
Remainder of title and litreature for beginners (individuals, ensemble and choir/
Statement of responsibility, etc. Pauline Forrest-Watson
260 ## - PUBLICATION, DISTRIBUTION, ETC. (IMPRINT)
Place of publication, distribution, etc. Kingston, Jamaica
Name of publisher, distributor, etc. LMH publication limited
Date of publication, distribution, etc. 2007
300 ## - PHYSICAL DESCRIPTION
Extent xiii, 209 p.;
Other physical details ill: , 29 cm.
501 ## - WITH NOTE
With note includes bibliographical references
650 ## - SUBJECT ADDED ENTRY--TOPICAL TERM
Source of heading or term Music- jamaican
942 ## - ADDED ENTRY ELEMENTS (KOHA)
Source of classification or shelving scheme Dewey Decimal Classification
Koha item type Books
Holdings
Withdrawn status Lost status Source of classification or shelving scheme Damaged status Not for loan Home library Current library Date acquired Total Checkouts Full call number Barcode Date last seen Price effective from Koha item type
    Dewey Decimal Classification     Wesley Powell Learning Resource Centre Wesley Powell Learning Resource Centre 07/30/2015   R/WIC/781.423 WAT 38741 07/30/2015 07/30/2015 Books
    Dewey Decimal Classification     Wesley Powell Learning Resource Centre Wesley Powell Learning Resource Centre 07/30/2015   R/WIC/81.423 WAT 38742 07/30/2015 07/30/2015 Books
    Dewey Decimal Classification     Wesley Powell Learning Resource Centre Wesley Powell Learning Resource Centre 07/30/2015   R/WIC/781.423 WAT 38740 07/30/2015 07/30/2015 Books